[Event "FIDE Grand Swiss"]
[Site "Douglas"]
[Date "2023.10.27"]
[Round "3"]
[White "Nakamura, Hikaru"]
[Black "Aryan, Chopra"]
[Result "1-0"]
[WhiteElo "2780"]
[BlackElo "2634"]
[PlyCount "97"]
[EventDate "2023.10.25"]
[EventType "swiss"]
[EventRounds "11"]
[EventCountry "IOM"]
[SourceTitle "Mega2024 Update 01"]
[Source "Chessbase"]
[SourceDate "2023.11.12"]
[SourceVersion "1"]
[SourceVersionDate "2023.11.12"]
[SourceQuality "1"]

1. d4 d5 2. c4 c6 3. Nf3 Nf6 4. Nc3 e6 5. e3 Nbd7 6. Be2 Bd6 7. 0-0 0-0 8. b3 b6 9. Bb2 Bb7 10. Bd3 Qe7 11. Rc1 Rac8 12. Re1 Bb4 13. Nd2 e5 14. Bf5 exd4 15. exd4 Qd8 16. c5 g6 17. Bh3 Nh5 18. g3 bxc5 19. dxc5 Bxc5 20. Na4 Be7 21. Bxd7 Qxd7 22. Ne4 f6 23. Nec5 Bxc5 24. Nxc5 Qf7 25. Qd4 Ng7 26. Qa4 Ba8 27. Re2 Rfe8 28. Rce1 Rxe2 29. Rxe2 Re8 30. Rxe8+ Nxe8 31. Qf4 Qe7 32. b4 Bb7 33. h3 Bc8 34. Kg2 Bf5 35. Bd4 Nd6 36. g4 g5 37. Qf3 Be4 38. Nxe4 Nxe4 39. Qa3 a6 40. f3 Nd2 41. Qxa6 Qxb4 42. Qd3 Nc4 43. Bxf6 Qb6 44. a4 Qa7 45. Bxg5 Qxa4 46. Qe2 Qa7 47. Qe8+ Kg7 48. Qe6 h5 49. gxh5 1-0

[Event "Qatar Masters op"]
[Site "Doha"]
[Date "2023.10.17"]
[Round "6"]
[White "Srihari, LR."]
[Black "Aryan, Chopra"]
[Result "1/2-1/2"]
[WhiteElo "2438"]
[BlackElo "2634"]
[PlyCount "64"]
[EventDate "2023.10.11"]
[EventType "swiss"]
[EventRounds "9"]
[EventCountry "QAT"]
[SourceTitle "Mega2024 Update 01"]
[Source "Chessbase"]
[SourceDate "2023.11.12"]
[SourceVersion "1"]
[SourceVersionDate "2023.11.12"]
[SourceQuality "1"]

1. c4 Nf6 2. Nf3 e6 3. Nc3 d5 4. e3 b6 5. b3 Bb7 6. Bb2 Nbd7 7. Rc1 a6 8. cxd5 exd5 9. Ne2 Rc8 10. g3 c5 11. Bg2 Bd6 12. 0-0 0-0 13. d4 c4 14. Ne5 b5 15. bxc4 bxc4 16. Nf4 Rb8 17. Qa4 Re8 18. Rfd1 Nb6 19. Qa5 Bc7 20. Qd2 Nfd7 21. e4 dxe4 22. Nxd7 Qxd7 23. d5 Bxf4 24. Qxf4 Nxd5 25. Qg5 f6 26. Bxf6 h6 27. Qg6 Qf7 28. Qxf7+ Kxf7 29. Ba1 Rbc8 30. Rd4 c3 31. Bxe4 Rc5 32. f3 Rec8 1/2-1/2

[Event "Biel HTO 56th"]
[Site "Biel"]
[Date "2023.07.24"]
[Round "7"]
[White "Pranav, Anand"]
[Black "Aryan, Chopra"]
[Result "1/2-1/2"]
[WhiteElo "2510"]
[BlackElo "2626"]
[PlyCount "161"]
[EventDate "2023.07.17"]
[EventType "swiss"]
[EventRounds "10"]
[EventCountry "SUI"]
[SourceTitle "CBM 215 Extra"]
[Source "ChessBase"]
[SourceDate "2023.09.30"]
[SourceVersion "1"]
[SourceVersionDate "2023.09.30"]
[SourceQuality "1"]

1. d4 Nf6 2. c4 e6 3. g3 c5 4. d5 exd5 5. cxd5 d6 6. Nc3 g6 7. Bg2 Bg7 8. Nf3 0-0 9. 0-0 Re8 10. Bf4 Bf5 11. a4 Ne4 12. Nd2 Nxc3 13. bxc3 g5 14. e4 gxf4 15. exf5 Bxc3 16. Ra3 Bxd2 17. Qxd2 Qg5 18. h4 Qxf5 19. Rf3 Nd7 20. Rxf4 Qg6 21. Qd1 Ne5 22. Re1 Qg7 23. h5 h6 24. Be4 b6 25. Kg2 a6 26. Bd3 Kh8 27. Rh1 Rg8 28. Rhh4 b5 29. axb5 axb5 30. Bxb5 Ra3 31. Qe1 Rb8 32. Qc1 Rb3 33. Bc4 Rb1 34. Qd2 Ra1 35. Bd3 Rba8 36. Rf5 R1a2 37. Bc2 Rb2 38. Qc1 Rba2 39. Rhf4 c4 40. Qb1 R2a5 41. Rf6 Qf8 42. Qc1 Ra1 43. Qd2 c3 44. Qxc3 Qc8 45. Qxc8+ Rxc8 46. Be4 Rcc1 47. Kh2 Kg7 48. Rxd6 Rc4 49. Kh3 Re1 50. Bg2 Rxf4 51. gxf4 Nd3 52. Kg3 Rg1 53. Kh2 Rd1 54. f5 f6 55. Kg3 Rg1 56. Re6 Ne1 57. d6 Kf7 58. Re7+ Kf8 59. Re4 Kf7 60. Re7+ Kf8 61. Re4 Kf7 62. d7 Rxg2+ 63. Kh3 Rg8 64. Rxe1 Rd8 65. Rd1 Ke7 66. Rg1 Kf7 67. Rg6 Rxd7 68. Rxh6 Rd1 69. Kg2 Rd5 70. Kg3 Rxf5 71. f4 Ra5 72. Kg4 Kg7 73. Rg6+ Kf7 74. Kh4 Ra4 75. Kg3 Ra5 76. Kg4 Ra1 77. f5 Rg1+ 78. Kf4 Rf1+ 79. Kg4 Rg1+ 80. Kf4 Rf1+ 81. Kg4 1/2-1/2

[Event "La Plagne Soleil op"]
[Site "La Plagne"]
[Date "2023.07.12"]
[Round "6"]
[White "Aryan, Chopra"]
[Black "Bharath, Subramaniyam H"]
[Result "1-0"]
[WhiteElo "2626"]
[BlackElo "2488"]
[PlyCount "119"]
[EventDate "2023.07.08"]
[EventType "swiss"]
[EventRounds "9"]
[EventCountry "FRA"]
[SourceTitle "CBM 215 Extra"]
[Source "ChessBase"]
[SourceDate "2023.09.30"]
[SourceVersion "1"]
[SourceVersionDate "2023.09.30"]
[SourceQuality "1"]

1. e4 c5 2. Nf3 d6 3. d4 cxd4 4. Nxd4 Nf6 5. Nc3 a6 6. Be3 e5 7. Nb3 Be7 8. f3 Be6 9. Qd2 h5 10. Nd5 Bxd5 11. exd5 Nbd7 12. 0-0-0 Qc7 13. c4 a5 14. Kb1 0-0 15. a3 Rfe8 16. Be2 a4 17. Nc1 e4 18. Na2 Ne5 19. Qc2 Rec8 20. Nc3 Nxc4 21. Nb5 Nxe3 22. Qxc7 Rxc7 23. Nxc7 Rc8 24. Rc1 Nxg2 25. fxe4 Nf4 26. Bb5 Bf8 27. Bxa4 Nxe4 28. Bd7 Rd8 29. Bf5 Nd2+ 30. Ka2 g5 31. Nb5 Re8 32. Bc8 b6 33. h3 Re5 34. Rc6 Rxd5 35. Rxb6 Nc4 36. Rb8 Rd2 37. Nc3 Nd3 38. Rd1 Rxb2+ 39. Rxb2 Ncxb2 40. Rd2 Bh6 41. Rxb2 Nxb2 42. Kxb2 Bg7 43. Kc2 Bd4 44. a4 Kg7 45. a5 Kg6 46. Kd3 Bg1 47. Ke4 g4 48. hxg4 h4 49. Bf5+ Kg5 50. Nd5 h3 51. Kf3 h2 52. Kg2 Kh4 53. a6 Kg5 54. Ne7 Kf4 55. Nc6 d5 56. a7 Bxa7 57. Nxa7 d4 58. Kxh2 d3 59. Nb5 d2 60. Nc3 1-0

[Event "La Plagne Soleil op"]
[Site "La Plagne"]
[Date "2023.07.11"]
[Round "5"]
[White "Droin, Augustin"]
[Black "Aryan, Chopra"]
[Result "0-1"]
[WhiteElo "2457"]
[BlackElo "2626"]
[PlyCount "45"]
[EventDate "2023.07.08"]
[EventType "swiss"]
[EventRounds "9"]
[EventCountry "FRA"]
[SourceTitle "CBM 215 Extra"]
[Source "ChessBase"]
[SourceDate "2023.09.30"]
[SourceVersion "1"]
[SourceVersionDate "2023.09.30"]
[SourceQuality "1"]

1. e4 c5 2. Nf3 Nc6 3. Bb5 g6 4. 0-0 Bg7 5. c3 Nf6 6. Re1 0-0 7. d4 d5 8. e5 Ne4 9. Bxc6 bxc6 10. Be3 Qb6 11. Qc1 c4 12. Nbd2 Nxd2 13. Nxd2 Bf5 14. b3 Bd3 15. bxc4 dxc4 16. Qa3 e6 17. d5 Qd8 18. dxe6 fxe6 19. Bc5 Rf5 20. Bd6 Qh4 21. Qc5 Bh6 22. Nf1 Rc8 23. Be7 0-1

[Event "Dortmund Sparkassen op 50th"]
[Site "Dortmund"]
[Date "2023.06.28"]
[Round "5"]
[White "Aryan, Chopra"]
[Black "Donchenko, Alexander"]
[Result "1/2-1/2"]
[WhiteElo "2626"]
[BlackElo "2667"]
[PlyCount "32"]
[EventDate "2023.06.24"]
[EventType "swiss"]
[EventRounds "9"]
[EventCountry "GER"]
[SourceTitle "CBM 215 Extra"]
[Source "ChessBase"]
[SourceDate "2023.09.30"]
[SourceVersion "1"]
[SourceVersionDate "2023.09.30"]
[SourceQuality "1"]

1. e4 e5 2. Nf3 Nc6 3. Bc4 Nf6 4. Ng5 d5 5. exd5 Na5 6. Bb5+ Bd7 7. Qe2 Be7 8. Bxd7+ Qxd7 9. 0-0 h6 10. Nf3 e4 11. Ne1 Qxd5 12. Nc3 Qc4 13. Qxc4 Nxc4 14. d3 exd3 15. Nxd3 0-0-0 16. b3 Nb6 1/2-1/2

[Event "Sharjah Masters 6th"]
[Site "Sharjah"]
[Date "2023.05.22"]
[Round "6"]
[White "Aryan, Chopra"]
[Black "Esipenko, Andrey"]
[Result "1/2-1/2"]
[WhiteElo "2617"]
[BlackElo "2679"]
[PlyCount "36"]
[EventDate "2023.05.17"]
[EventType "swiss"]
[EventRounds "9"]
[EventCountry "UAE"]
[SourceTitle "CBM 215"]
[Source "ChessBase"]
[SourceDate "2023.08.31"]
[SourceVersion "1"]
[SourceVersionDate "2023.08.31"]
[SourceQuality "1"]

1. c4 e6 2. Nc3 d5 3. d4 Nf6 4. cxd5 exd5 5. Bg5 Be7 6. e3 h6 7. Bh4 Bg4 8. Nf3 c6 9. Qc2 Nbd7 10. Bd3 0-0 11. 0-0 Nh5 12. Bxe7 Qxe7 13. Rae1 Bxf3 14. gxf3 c5 15. dxc5 Nxc5 16. Ne2 Rac8 17. Ng3 Nf6 18. Qd2 Nxd3 1/2-1/2

[Event "Sunway Formentera playoff 5-8"]
[Site "Sant Ferran de ses Roques"]
[Date "2023.04.28"]
[Round "1.2"]
[White "Aravindh, Chithambaram VR"]
[Black "Aryan, Chopra"]
[Result "1-0"]
[WhiteElo "2607"]
[BlackElo "2607"]
[PlyCount "87"]
[EventDate "2023.04.28"]
[EventType "k.o. (blitz)"]
[EventRounds "2"]
[EventCountry "ESP"]
[SourceTitle "CBM 213 Extra"]
[Source "ChessBase"]
[SourceDate "2023.05.31"]
[SourceVersion "1"]
[SourceVersionDate "2023.05.31"]
[SourceQuality "1"]

1. c4 c5 2. Nf3 Nc6 3. g3 Nf6 4. Bg2 e5 5. Nc3 g6 6. e3 Bg7 7. d4 exd4 8. exd4 cxd4 9. Nxd4 0-0 10. 0-0 a6 11. Bf4 Nh5 12. Be3 Ne5 13. b3 d6 14. h3 Rb8 15. Re1 Nf6 16. Qd2 Bd7 17. Rad1 b5 18. cxb5 axb5 19. f4 b4 20. Nb1 Neg4 21. hxg4 Nxg4 22. Nc6 Bxc6 23. Bxc6 Qa5 24. Bf3 Nxe3 25. Rxe3 h5 26. Kg2 d5 27. Qe2 Rfd8 28. Re1 Rbc8 29. Qd3 Qxa2+ 30. R3e2 Qa5 31. f5 Rd6 32. fxg6 fxg6 33. Re6 Rxe6 34. Qxd5 Qxd5 35. Bxd5 Rc2+ 36. Kf3 Kh7 37. Bxe6 Bf8 38. Re2 Rc1 39. Nd2 Kg7 40. Ne4 Be7 41. Bc4 Rf1+ 42. Kg2 Rc1 43. Nf2 Bc5 44. Nd3 1-0

[Event "Sunway Formentera playoff 5-8"]
[Site "Sant Ferran de ses Roques"]
[Date "2023.04.28"]
[Round "1.1"]
[White "Aryan, Chopra"]
[Black "Aravindh, Chithambaram VR"]
[Result "0-1"]
[WhiteElo "2607"]
[BlackElo "2607"]
[PlyCount "84"]
[EventDate "2023.04.28"]
[EventType "k.o. (blitz)"]
[EventRounds "2"]
[EventCountry "ESP"]
[SourceTitle "CBM 213 Extra"]
[Source "ChessBase"]
[SourceDate "2023.05.31"]
[SourceVersion "1"]
[SourceVersionDate "2023.05.31"]
[SourceQuality "1"]

1. c4 e6 2. Nc3 d5 3. d4 Nf6 4. cxd5 exd5 5. Bg5 c6 6. e3 Be7 7. Bd3 Nbd7 8. Nf3 Nf8 9. 0-0 Ne6 10. Bh4 g6 11. Ne5 0-0 12. f4 Ng7 13. h3 Nfe8 14. Bf2 Nd6 15. g4 Bh4 16. Qe1 Bxf2+ 17. Qxf2 Qe7 18. Kh2 f6 19. Nf3 b6 20. Rae1 Bb7 21. h4 c5 22. Rg1 Ne4 23. Qg2 f5 24. g5 Rac8 25. Ne2 c4 26. Bb1 b5 27. Ne5 b4 28. Ng3 a5 29. Bc2 c3 30. b3 Rc7 31. Qh3 Nf2 32. Qg2 Ng4+ 33. Nxg4 fxg4 34. Nf1 Rxf4 35. exf4 Qxe1 36. Qxg4 Qf2+ 37. Qg2 Qxh4+ 38. Qh3 Qf2+ 39. Qg2 Qxf4+ 40. Qg3 Qxg3+ 41. Nxg3 Ne6 42. Ne2 Ba6 0-1

[Event "Sunway Formentera op 2nd"]
[Site "Sant Ferran de ses Roques"]
[Date "2023.04.18"]
[Round "1"]
[White "Doluhanova, Evgeniya"]
[Black "Aryan, Chopra"]
[Result "0-1"]
[WhiteElo "2318"]
[BlackElo "2607"]
[PlyCount "98"]
[EventDate "2023.04.18"]
[EventType "swiss"]
[EventRounds "10"]
[EventCountry "ESP"]
[SourceTitle "CBM 213 Extra"]
[Source "ChessBase"]
[SourceDate "2023.05.31"]
[SourceVersion "1"]
[SourceVersionDate "2023.05.31"]
[SourceQuality "1"]

1. e4 c5 2. Nf3 d6 3. d4 cxd4 4. Nxd4 Nf6 5. Nc3 Nc6 6. Bg5 e6 7. Qd2 a6 8. f3 Bd7 9. Nxc6 Bxc6 10. 0-0-0 Be7 11. Bf4 d5 12. Qe1 Qb6 13. exd5 Bxd5 14. Bd3 Bc6 15. Be5 0-0-0 16. Qe2 Rd7 17. Rhe1 Rhd8 18. a3 Bc5 19. Ne4 Nxe4 20. Bxe4 Be3+ 21. Kb1 Bd2 22. Bxc6 bxc6 23. Rf1 f6 24. Bg3 Bc3 25. b3 e5 26. Rxd7 Rxd7 27. Bf2 Qb5 28. Qxb5 cxb5 29. Kc1 Bd2+ 30. Kb2 Kc7 31. Bc5 a5 32. b4 a4 33. g3 Kc6 34. Bf2 h5 35. Bg1 Kd5 36. Rd1 Kc4 37. Kb1 Rd5 38. Bf2 f5 39. Be1 Be3 40. Rxd5 Kxd5 41. Bc3 g5 42. h3 g4 43. hxg4 hxg4 44. fxg4 fxg4 45. Be1 Kc4 46. Kb2 e4 47. Kb1 Bd4 48. Kc1 e3 49. Kb1 Bc3 0-1

[Event "Menorca op 2nd"]
[Site "Ciutadella de Menorca"]
[Date "2023.04.13"]
[Round "4"]
[White "Aryan, Chopra"]
[Black "Vignesh, NR."]
[Result "1-0"]
[WhiteElo "2607"]
[BlackElo "2497"]
[PlyCount "67"]
[EventDate "2023.04.11"]
[EventType "swiss"]
[EventRounds "9"]
[EventCountry "ESP"]
[SourceTitle "CBM 213 Extra"]
[Source "ChessBase"]
[SourceDate "2023.05.31"]
[SourceVersion "1"]
[SourceVersionDate "2023.05.31"]
[SourceQuality "1"]

1. e4 c5 2. Nf3 d6 3. d4 cxd4 4. Nxd4 Nf6 5. Nc3 a6 6. Be3 e5 7. Nb3 Be6 8. f3 h5 9. Nd5 Bxd5 10. exd5 Nbd7 11. Qd2 g6 12. 0-0-0 Nb6 13. Kb1 Nfxd5 14. Bg5 Be7 15. Bxe7 Qxe7 16. Qa5 Ne3 17. Qxb6 Nxd1 18. Bc4 Rc8 19. Nd2 Nxb2 20. Kxb2 Rc6 21. Qe3 Qc7 22. Qd3 Ke7 23. Bd5 Rb6+ 24. Ka1 Rc8 25. c4 Qc5 26. Nb3 Qa3 27. f4 Qb4 28. Qe3 f6 29. fxe5 dxe5 30. Rd1 Rd8 31. c5 Qg4 32. Rd2 Rxd5 33. Rxd5 Qxg2 34. Rd2 1-0